|
|
|
|
| LEADER |
00000nab a2200000 a 4500 |
| 001 |
vtls000929757 |
| 003 |
SK-MaSNL |
| 005 |
20260304172226.0 |
| 008 |
140303e20030000xo 0 slo |
| 035 |
|
|
|a KE38634
|
| 040 |
|
|
|a KEVKJB
|b slo
|c KEVKJB
|e AACR2
|
| 041 |
0 |
|
|a slo
|
| 044 |
|
|
|a xo
|c SK
|
| 080 |
|
|
|a 614.88
|2 1981
|
| 080 |
|
|
|a 353.2
|2 1981
|
| 080 |
|
|
|a 353.5
|2 1981
|
| 245 |
0 |
0 |
|a Akcia Záchrana 2003 na Bukovci
|b Prvé cvičenie Integrovaného záchranného systému
|c (jps)
|
| 610 |
2 |
7 |
|a Košice (Slovensko).
|b Krajský úrad
|2 KEVKJB
|9 168630
|
| 610 |
1 |
7 |
|a Košice - okolie (Slovensko).
|b Okresný úrad
|2 KEVKJB
|9 188147
|
| 611 |
1 |
7 |
|a Záchrana
|d (2003 :
|c Bukovec, Slovensko)
|2 KEVKJB
|9 1501443
|
| 650 |
0 |
7 |
|a záchranné služby
|2 KEVKJB
|9 879723
|
| 650 |
0 |
7 |
|a integrovaný záchranný systém
|2 KEVKJB
|9 4280
|
| 650 |
0 |
7 |
|a záchranné cvičenia
|2 KEVKJB
|9 1501444
|
| 651 |
|
7 |
|a Košice (Slovensko)
|2 KEVKJB
|9 18694
|
| 651 |
|
7 |
|a Košice-okolie (Slovensko : okres)
|2 KEVKJB
|9 146743
|
| 651 |
|
7 |
|a Bukovec (Košice-okolie, Slovensko)
|2 KEVKJB
|9 114820
|
| 773 |
0 |
|
|t Zdravotnícke noviny
|g Roč. 8, č. 23 (2003), s. 4
|
| 852 |
|
|
|a ZVYKNI
|b KIS3GCP
|
| 999 |
|
|
|c 2997313
|d 2999243
|